000 00660nam a22002297a 4500
003 UA-OsUOA
001 47902
007 ta
008 20070822b un ||||| |||| 00| 0 ukr d
090 _a82,09
_bЗ-35
942 _cBK
040 _aUA-OsUOA
_bukr
_cUA-OsUOA
_dUA-OsUOA
245 _aЗарубіжна драма другої половини ХІХ- початку ХХ сторіччя
300 _a317 с.
955 _a2
041 _aukr
080 _a82,09
020 _a966-7943-25-9
260 _aК.
_bНавчальна книга
_c2003
650 7 _a82 Література. Літературознавство
_2UDC
999 _c334007
_d334007